<?xml version="1.0" encoding="UTF-8"?><?xml-stylesheet type="text/xsl" href="static/style.xsl"?><OAI-PMH xmlns="http://www.openarchives.org/OAI/2.0/" xmlns:xsi="http://www.w3.org/2001/XMLSchema-instance" xsi:schemaLocation="http://www.openarchives.org/OAI/2.0/ http://www.openarchives.org/OAI/2.0/OAI-PMH.xsd"><responseDate>2026-04-17T11:40:58Z</responseDate><request verb="GetRecord" identifier="oai:www.recercat.cat:10230/59983" metadataPrefix="marc">https://recercat.cat/oai/request</request><GetRecord><record><header><identifier>oai:recercat.cat:10230/59983</identifier><datestamp>2025-12-13T21:22:15Z</datestamp><setSpec>com_2072_6</setSpec><setSpec>col_2072_452952</setSpec></header><metadata><record xmlns="http://www.loc.gov/MARC21/slim" xmlns:dcterms="http://purl.org/dc/terms/" xmlns:xsi="http://www.w3.org/2001/XMLSchema-instance" xmlns:doc="http://www.lyncode.com/xoai" xsi:schemaLocation="http://www.loc.gov/MARC21/slim http://www.loc.gov/standards/marcxml/schema/MARC21slim.xsd">
   <leader>00925njm 22002777a 4500</leader>
   <datafield ind2=" " ind1=" " tag="042">
      <subfield code="a">dc</subfield>
   </datafield>
   <datafield ind2=" " ind1=" " tag="720">
      <subfield code="a">Coello de la Rosa, Alexandre</subfield>
      <subfield code="e">author</subfield>
   </datafield>
   <datafield ind2=" " ind1=" " tag="260">
      <subfield code="c">2024-05-03T06:01:02Z</subfield>
   </datafield>
   <datafield ind2=" " ind1=" " tag="260">
      <subfield code="c">2024-05-03T06:01:02Z</subfield>
   </datafield>
   <datafield ind2=" " ind1=" " tag="260">
      <subfield code="c">2023</subfield>
   </datafield>
   <datafield ind2=" " ind1=" " tag="520">
      <subfield code="a">Este trabajo analiza dos textos panegíricos, los Hechos de don García Hurtado de Mendoza (1613, 2ª ed. 1616), de Cristóbal Suárez de Figueroa, sobre el IV marqués de Cañete, y la Vida del Ilustrísimo y Reverendísimo don Toribio Alfonso de Mogrovejo y Robles (1653), de Antonio de León Pinelo, sobre el segundo arzobispo de Lima. El artículo explora las tensiones y conflictos entre ambas personalidades a través de las voces de sus hagiógrafos y panegiristas, los cuales defendieron sus posicionamientos políticos incluso más allá de la muerte de sus protagonistas. Asimismo se reivindica los panegíricos y hagiografías como fuentes históricas en general, y en particular, la importancia del encomio en la construcción de la imagen pública de los virreyes y arzobispos del Perú.</subfield>
   </datafield>
   <datafield tag="653" ind2=" " ind1=" ">
      <subfield code="a">Panegíricos</subfield>
   </datafield>
   <datafield tag="653" ind2=" " ind1=" ">
      <subfield code="a">García Hurtado de Mendoza</subfield>
   </datafield>
   <datafield tag="653" ind2=" " ind1=" ">
      <subfield code="a">Toribio Alfonso de Mogrovejo</subfield>
   </datafield>
   <datafield tag="653" ind2=" " ind1=" ">
      <subfield code="a">Antonio de León Pinelo</subfield>
   </datafield>
   <datafield tag="653" ind2=" " ind1=" ">
      <subfield code="a">Cristóbal Suárez de Figueroa</subfield>
   </datafield>
   <datafield tag="653" ind2=" " ind1=" ">
      <subfield code="a">Perú</subfield>
   </datafield>
   <datafield tag="653" ind2=" " ind1=" ">
      <subfield code="a">siglos XVI-XVII</subfield>
   </datafield>
   <datafield ind2="0" ind1="0" tag="245">
      <subfield code="a">Y aun parece que la aversión pasó más allá de la muerte: el arzobispo de  Lima,  Toribio  Alfonso  de  Mogrovejo,  y  su  némesis,  el  virrey  don  García Hurtado de Mendoza (siglos XVI-XVII)</subfield>
   </datafield>
</record></metadata></record></GetRecord></OAI-PMH>